000 03477nam0a2200433 4500
001 RU\NLR\BIBL_A\021984920
005 20240129094058.0
010 _a978-5-6047682-6-6
_91000
021 _aRU
_bКН-П-23-038442
_9КН-П-23-3831
035 _a(NLR Aleph) 021984920
090 _a12410058
_c12410058
100 _a20230721d2023 k y0rusy50 ca
101 0 _arus
102 _aRU
105 _aa z 100zy
181 0 _ai
_baxxe
182 0 _an
200 1 _aПатриотизм в современной России в условиях роста угроз национальной безопасности
_eсборник материалов-статей участников конференции, 17 февраля 2023 г., г. Ростов-на-Дону, 20 февраля 2023 г., г. Таганрог
_eматериалы опубликованы по итогам научно-практической конференции с международным участием (17 февраля 2023 г.) и Круглого стола в г. Таганроге (20 февраля 2023 г.)
_fОбщественная палата Ростовской области [и др.]
_gредакционно-издательская группа: Понеделков А. В. [и др.]
203 _aТекст
_bвизуальный
_cнепосредственный
210 _aРостов-на-Дону
_cИзд-во ЮРИУ РАНХиГС
_d2023
215 _a333 c.
_cил., табл.
_d29
300 _aНа обл. подзаг.: Сборник материалов научно-практической конференции с международным участием
300 _aВ вып. дан. и макете подзаг.: Материалы научно-практической конференции с международным участием
320 _aБиблиогр. в конце ст. и в подстроч. примеч.
606 1 _aНациональная безопасность
_jСъезды, совещания и т.п
_xОбеспечение
_yРоссийская Федерация
_92088713
_3RU\NLR\AUTH\661568018
606 1 _aПатриотизм
_jСъезды, совещания и т.п
_yРоссийская Федерация
_92478424
_3RU\NLR\AUTH\661471461
686 1 _aХ621.162я431
686 1 _aТ3(2)74-72я431
702 1 _4340
_7ca
_8rus
_aПонеделков
_bА. В.
_gАлександр Васильевич
_9115543
_3RU\NLR\AUTH\775579
711 1 2 _a"Патриотизм в современной России в условиях роста угроз национальной безопасности", научно-практическая конференция с международным участием
_eРостов-на-Дону
_f2023
_9856191
_3RU\NLR\AUTH\880595366
712 0 2 _4570
_aОбщественная палата Ростовской области
_9379505
_3RU\NLR\AUTH\8810246840
856 4 _lVNP_SKP
_tVIEW
_uhttps://webservices.nlr.ru/viewer/file?name=a021984920_002.txt
_yАннотация
856 4 1 _lVNP_SKP
_tVIEW
_uhttps://webservices.nlr.ru/viewer/file?name=t021984920_001.jpeg
_yОбложка
942 _cBOOK
980 4 _aVNP_SKP
980 _aNB